Burn the business plan : Câu chuyện khởi nghiệp từ những gã khổng lồ công nghệ

Nội dung giới thiệu kế hoạch kinh doanh, 12 điều cho những ai khao khát khởi nghiệp. Động lực nào dành cho nhà khở nghiệp và những lời khuyên giúp biến những ý tưởng trở thành một doanh nghiệp khởi nghiệp thành công....

Cijeli opis

Spremljeno u:
Bibliografski detalji
Glavni autor: Schramm, Carl J.
Format: Knjiga
Jezik:Undetermined
Izdano: Hà Nội Lao động 2018
Teme:
Oznake: Dodaj oznaku
Bez oznaka, Budi prvi tko označuje ovaj zapis!
Thư viện lưu trữ: Trung tâm Học liệu Trường Đại học Cần Thơ
LEADER 01059nam a2200229Ia 4500
001 CTU_230572
008 210402s9999 xx 000 0 und d
020 |c 139000 
082 |a 658.11 
082 |b S377 
100 |a Schramm, Carl J. 
245 0 |a Burn the business plan : 
245 0 |b Câu chuyện khởi nghiệp từ những gã khổng lồ công nghệ 
245 0 |c Carl J. Schramm ; Trang Bùi (dịch) 
260 |a Hà Nội 
260 |b Lao động 
260 |c 2018 
520 |a Nội dung giới thiệu kế hoạch kinh doanh, 12 điều cho những ai khao khát khởi nghiệp. Động lực nào dành cho nhà khở nghiệp và những lời khuyên giúp biến những ý tưởng trở thành một doanh nghiệp khởi nghiệp thành công. 
650 |a Doanh nghiệp mới kinh doanh,New business enterprises 
650 |x Quản trị,Management 
910 |b dqhieu 
980 |a Trung tâm Học liệu Trường Đại học Cần Thơ